Les obligations en droit égyptien comparé aux autres droits de l'antiquité / (Record no. 163397)

MARC details
000 -LEADER
campo de control de longitud fija 00900nam a2200205 i 4500
001 - NÚMERO DE CONTROL
campo de control 163397
003 - IDENTIFICADOR DE NÚMERO DE CONTROL
campo de control ES-MaACL
005 - FECHA Y HORA DE LA ÚLTIMA TRANSACCIÓN
campo de control 20250809014916.0
008 - DATOS DE LONGITUD FIJA--INFORMACIÓN GENERAL
campo de control de longitud fija 010917s1886 fr |||| | fre d
040 ## - FUENTE DE CATALOGACIÓN
Centro catalogador/agencia de origen CCPB | B
Lengua de catalogación spa
Centro/agencia transcriptor CCPB | B
100 1# - ENTRADA PRINCIPAL--NOMBRE DE PERSONA
Nombre de persona Revillout, Eugéne.
9 (RLIN) 96448
245 14 - MENCIÓN DEL TÍTULO
Título Les obligations en droit égyptien comparé aux autres droits de l'antiquité /
Mención de responsabilidad, etc. leçons professées a l'École du Louvre par Eugène Revillout ; suivies d'un appendice sur le droit de la Chaldée au XXIIIe siècle et au VIe siècle avant J.-C. par Victor et Eugène Revillout.
260 ## - PUBLICACIÓN, DISTRIBUCIÓN, ETC.
Lugar de publicación, distribución, etc. Paris :
Nombre del editor, distribuidor, etc. Ernest Leroux,
Fecha de publicación, distribución, etc. 1886 (
Lugar de fabricación/manufactura Angers :
Fabricante Imprimerie A. Burdin)
300 ## - DESCRIPCIÓN FÍSICA
Extensión LXXXIII, 530 p. ;
Dimensiones 24 cm.
650 #7 - PUNTO DE ACCESO ADICIONAL DE MATERIA--TÉRMINO DE MATERIA
Término de materia o nombre geográfico como elemento de entrada Derecho egipcio
Fuente del encabezamiento o término embne
9 (RLIN) 165010
700 1# - ENTRADA AGREGADA--NOMBRE PERSONAL
Nombre de persona Revillout, Victor.
9 (RLIN) 131740
852 ## - LOCALIZACIÓN
Ubicación ES-MaACL
Número de control de estantería F-8545
Nota libre -- Enc. pasta
852 ## - LOCALIZACIÓN
Ubicación ES-MaACL
Número de control de estantería B-482
Nota libre -- Rúst.
Holdings
Estatus retirado Estado de pérdida Estado de daño No para préstamo Colección Biblioteca de origen Biblioteca actual Ubicación en estantería Fecha de adquisición Fuente de adquisición Total de préstamos Signatura topográfica completa Código de barras Visto por última vez Precio de reemplazo Tipo de ítem Koha
        Libros del s. XIX Biblioteca del Ateneo de Madrid Biblioteca del Ateneo de Madrid Sala Pardo Bazán 17/01/2008     B-482 1171226 23/02/2023 23/02/2023 Libro impreso antiguo
        Libros del s. XIX Biblioteca del Ateneo de Madrid Biblioteca del Ateneo de Madrid Sala Pecera Planta 2 17/01/2008     F-8545 1171225 23/02/2023 23/02/2023 Libro impreso antiguo